000
00283nam a22001337a 4500
008
181024b xxu||||| |||| 00| 0 eng d
020
_a
2900495500864
041
_a
eng
080
_a
701
100
_a
44
101
_a
ART
245
_a
Design Basics
_c
Lauer,D.A
942
_2
udc
_c
BK
999
_c
50797
_d
50797